| 000 | 00521nam a2200169 a 4500 | ||
|---|---|---|---|
| 005 | 20210223120405.0 | ||
| 008 | 991125s1980 mx 000 0 spa u | ||
| 035 | _aUPN01000000037 | ||
| 049 | _aCG | ||
| 050 | 4 |
_aJC605 CH5 _bB7.3 |
|
| 100 | 1 | _aBrown, C. G. | |
| 245 | 1 | 0 |
_a10 Años de atropellos a los derechos humanos en Chile : _binforme del Americas Watch Committee / _cC. G. Brown. |
| 260 |
_aMéxico : _bSEP : _bCasa de Chile, _c[198-]. |
||
| 300 | _a104 p. | ||
| 650 | 4 |
_aDERECHOS CIVILES - _zCHILE _914555 |
|
| 905 | _aLibro | ||
| 999 |
_c37 _d37 |
||